| 000 | 00503nam a22001937a 4500 | ||
|---|---|---|---|
| 003 | NUST - PNEC | ||
| 005 | 20170116180748.0 | ||
| 008 | 150227b xxu||||| |||| 00| 0 eng d | ||
| 020 | _a8124108188 | ||
| 040 | _cLIBRARY | ||
| 082 | _a327.1747 MOO | ||
| 100 |
_91538 _aAhmer Moonis |
||
| 245 |
_aThe CTBT Debate in Pakistan _cMoonis Ahmer |
||
| 250 | _a- | ||
| 260 |
_aNew Delhi _bHar-Anand Publications _cc.2001 |
||
| 300 | _a200 p. : | ||
| 650 |
_91539 _aForeign Policy _xGeneral |
||
| 942 |
_2ddc _cBK |
||
| 999 |
_c62453 _d62453 |
||